| 000 | 01576cam a2200241 4500 | ||
|---|---|---|---|
| 001 | ABS66093 | ||
| 008 | 021104n2002 000 0 eng u | ||
| 035 | _a(Sirsi) u120357 | ||
| 100 | _aHarridge, C | ||
| 245 | _aProper use of appraisal tool | ||
| 260 | _c2002 | ||
| 490 |
_aPlanning (for the Natural and Built Environment) _v(1494) 25 October 2002, 21(1) |
||
| 520 | _aLooks at the advantages and application of sustainability appraisals which are set to form a key part of government's plans to reform the local planning system. In a sustainability appraisal, the performance of a strategy, policy or project is assessed against sustainable development objectives. At present, sustainability appraisals are only formally required for small parts of the planning system such as regional planning guidance, although they have been undertaken for several major development schemes. Outlines the process of carrying out a sustainability appraisal and the advantages which include providing a social, economic and environmental context for planning decisions and policy formation. Also looks at European Directive 2001/42/EC which will require development plans and local development frameworks to face regular environmental assessment. | ||
| 590 | _aABS | ||
| 650 | _aSUSTAINABILITY APPRAISALS | ||
| 650 | _aENVIRONMENTAL ASSESSMENT | ||
| 650 | _aPLANNING SYSTEM | ||
| 650 | _aDEVELOPMENT APPRAISAL | ||
| 650 | _aLOCAL PLANNING | ||
| 650 | _aSUSTAINABLE DEVELOPMENT | ||
| 690 | _aENVIRONMENTAL AND LAND CONSULTANCY-PLANNING AND DEVELOPMENT | ||
| 942 | _n0 | ||
| 999 |
_c71513 _d71513 |
||